[Event "WJCC U20 Open 2019"]
[Site "New Delhi"]
[Date "2019.10.25"]
[Round "11.19"]
[White "Parkhov, Yair"]
[Black "Muradli, Mahammad"]
[Result "1-0"]
[WhiteElo "2350"]
[BlackElo "2459"]
[Annotator "TA"]
[PlyCount "139"]
[EventDate "2019.10.15"]
[EventType "swiss"]
[EventCountry "IND"]
[SourceTitle "playchess.com"]
[Source "ChessBase"]
[SourceQuality "1"]

{[%evp 11,139,29,8,19,14,14,10,14,19,26,17,9,18,6,20,23,52,-11,-24,-22,-16,-22,-12,-18,-4,-10,22,-14,0,0,0,0,0,0,0,0,0,0,0,0,0,0,30,28,26,28,76,55,88,75,245,238,237,239,233,234,218,0,0,0,0,0,0,0,5,0,0,0,8,6,25,0,87,0,124,8,91,97,102,103,214,214,214,221,500,500,492,451,444,421,471,280,720,618,6733,1564,6713,226,1564,1425,6720,6713,6716,6690,6668,6668,6661,6636,6621,6614,6603,6589,6589,6589,6382,6129,6224,6158,6158,6125,6096,6070,6070,6070,6024,5871,5575,5141,1631,1528]} 1. d4 Nf6 2. c4 e6 3. Nf3 d5 4. g3 dxc4 5. Bg2 Bb4+ 6. Bd2 a5 7. Qc2 {E04: Open Catalan: 5 Nf3} (7. O-O O-O 8. Qc2 Bxd2 9. Nbxd2 b5 10. a4 c6 11. b3 cxb3 12. Nxb3 b4 13. e4 Nbd7 14. h4 h6 15. e5 {½-½ (93) Abasov,N (2632)-Piorun,K (2660) Khanty-Mansiysk 2019}) 7... Bxd2+ 8. Qxd2 c6 9. a4 {The position is equal.} Ne4 10. Qf4 Qb6 11. O-O Qxb2 {[%mdl 64] [#] Double Attack} 12. Ne5 O-O $1 13. Na3 $1 {[#]} Nd2 $146 ({Predecessor:} 13... Nc3 14. Qe3 {½-½ (14) Jianu,V (2542)-Aczel,G (2538) Satu Mare 2018}) 14. Rfd1 (14. Naxc4 $14 Nxc4 15. Nxc4 Qxe2 16. Nb6) 14... c3 $11 15. Nd3 Qb3 16. Nc5 Qb4 17. Nc2 Qb2 18. Ne1 e5 19. Qxe5 c2 20. Nxc2 $1 Qxc2 21. Rac1 Qa2 {And now ...Nb3 would win.} 22. Ra1 Qb2 {aiming for ...Nd7.} 23. Nd3 Qc2 24. Rac1 Qxa4 25. Rxd2 Nd7 26. Qd6 Nf6 27. Rb2 Bf5 28. Rxb7 Bxd3 29. exd3 Qa2 30. Qxc6 a4 $2 (30... Rad8 $16) 31. Qc4 $18 Qd2 {[#]} 32. Rxf7 $1 {[%mdl 512]} Rxf7 33. Bxa8 g6 34. Qc3 $2 ({Better is} 34. Rc2 $18 Qe1+ 35. Kg2) 34... Qxc3 $11 35. Rxc3 {[%mdl 4096] Endgame Ra3 is the strong threat. KRB-KRN} Ra7 36. Bf3 a3 37. Rc1 Kf7 (37... a2 $5 38. Ra1 $8 Kf7 $14) 38. Kf1 Ke6 (38... a2 $5 39. Ra1 $8 Ke6 $14) 39. Ke2 g5 (39... a2 $5 40. Ra1 $8 Nd5 $14) 40. Kd2 g4 41. Bd1 (41. Bc6 {is more complex.} Nd5 42. Bb5 Kd6 43. Ra1 Rf7 44. Rxa3 Rxf2+ 45. Ke1) 41... Kd6 (41... Kd5 $11) 42. Ra1 (42. Bb3 $16) 42... h5 (42... Kd5 $11 {keeps the balance.}) 43. f3 (43. Bb3 $16) 43... Ra5 (43... Kd5 $11 {remains equal.}) 44. fxg4 $16 hxg4 45. Bb3 Ne8 (45... Ra8 $16 46. Kc2 Nh7) 46. Kc3 $18 Nc7 47. Bc4 Nd5+ $2 (47... Ne6 48. Bxe6 Kxe6) 48. Bxd5 Kxd5 {KR-KR} 49. Kb4 $1 {[%csl LRa3,LRa5]} Ra8 50. Rxa3 Rc8 51. Kb3 (51. Ra5+ $142 Kd6 52. Rh5) 51... Kxd4 $2 (51... Rh8 52. Kc3 Rc8+ 53. Kd2 Rh8) 52. Ra4+ Kxd3 53. Rxg4 Rb8+ 54. Rb4 $2 (54. Ka4 {Strongly threatening Rg5.} Ra8+ 55. Kb5) 54... Rh8 $2 (54... Rg8 55. Rf4 Ke3) 55. h4 {White is clearly winning.} Rh5 56. Ka4 Ke3 57. Rb5 Rh6 58. Kb4 Kf3 59. Rg5 Ke4 60. Kc3 Rc6+ 61. Kd2 Ra6 62. h5 Ra7 63. Rg6 Kd4 64. Rg4+ Ke5 65. Ke3 Ra3+ 66. Kf2 Ra2+ 67. Kf3 Kf6 68. Rg6+ Kf7 69. Rb6 Ra4 70. g4 {Accuracy: White = 66%, Black = 28%.} 1-0

[Event "WJCC U20 Open 2019"]
[Site "New Delhi"]
[Date "2019.10.25"]
[Round "11.20"]
[White "Audi Ameya"]
[Black "Bharath Subramaniyam H"]
[Result "0-1"]
[WhiteElo "2336"]
[BlackElo "2417"]
[Annotator "TA"]
[PlyCount "116"]
[EventDate "2019.10.15"]
[EventType "swiss"]
[EventCountry "IND"]
[SourceTitle "playchess.com"]
[Source "ChessBase"]
[SourceQuality "1"]

{[%evp 21,115,32,37,22,22,25,41,22,23,22,26,22,23,25,43,43,59,61,45,51,69,0,0,0,0,0,0,0,0,0,210,189,179,98,111,118,108,57,115,40,51,-183,-179,-200,-200,-323,-323,-546,-552,-552,-551,-550,-547,-492,-417,-612,-485,-744,-744,-12758,-12734,-11997,-8382,-12397,-8357,-5960,-1988,-5531,-2905,-5777,-2316,-12827,-12173,-12833,-12835,-12836,-12836,-12837,-12838,-12839,-12839,-12844,-12844,-29988,-12845,-29989,-12844,-29988,-29989,-29995,-29996,-29996,-29997,-29998,-29999,-29999]} 1. e4 c5 2. Nf3 Nc6 3. d4 cxd4 4. Nxd4 Nf6 5. Nc3 e5 6. Ndb5 d6 7. Bg5 a6 8. Na3 b5 9. Nd5 Be7 10. Bxf6 Bxf6 11. c3 Bg5 {[#]} 12. h4 $1 {[%mdl 512] B33: Sicilian: Pelikan and Sveshnikov Variations} (12. Nc2 Rb8 13. Be2 O-O 14. O-O a5 15. Na3 Na7 16. Qd3 Kh8 17. Rfd1 Be6 18. Ne3 b4 19. Nac4 Nb5 20. cxb4 axb4 21. Nxd6 Nxd6 22. Qxd6 Bxe3 23. Qxd8 Rfxd8 24. fxe3 {½-½ (68) So,W (2754)-Grischuk,A (2772) Moscow 2019}) 12... Bh6 (12... Bxh4 13. Rxh4) 13. Nc2 Rb8 14. a4 {White is slightly better.} bxa4 15. Ncb4 Bd7 16. Bxa6 Nxb4 17. Nxb4 $146 ({Predecessor:} 17. cxb4 Bc6 18. Rxa4 O-O 19. b5 Bxb5 20. Bxb5 Rxb5 {½-½ (79) Zambrana,O (2473)-Lujan,C (2364) Asuncion 2009}) 17... Rb6 18. Bd3 O-O 19. Bc2 d5 20. Qxd5 {Rd1 is the strong threat.} Qe7 21. Rd1 ({Reject} 21. Bxa4 Rxb4 22. Qxd7 Rxe4+ 23. Kf1 Rxh4 $11) (21. Qa5 $14 Rbb8 22. Nd5 (22. Bxa4 Ra8 $11)) 21... Bg4 $11 22. f3 $36 {[%mdl 2048] White fights for an advantage.} Rxb4 23. cxb4 Qxb4+ 24. Kf1 Be6 25. Qxe5 Bc4+ $2 (25... Be3 $11) 26. Kf2 $1 $18 g6 27. Qc3 (27. Qd4 $1 $18) 27... Qxc3 28. bxc3 a3 29. Rd7 (29. Rb1 $16) 29... Rc8 (29... Ra8 $14) 30. Rhd1 (30. Rb7 $1 $16) 30... a2 $14 31. Rd8+ $2 (31. Ra7 $14 {keeps the upper hand.}) 31... Rxd8 $19 32. Rxd8+ {[%mdl 4096] Endgame KRB-KB} Kg7 33. Rd1 {[#]} (33. Ra8 $142) 33... Bd2 $1 {[%mdl 512]} 34. e5 $2 (34. g3 {keeps fighting.}) (34. Rxd2 a1=Q) 34... Bxc3 35. f4 a1=Q 36. Rxa1 Bd4+ 37. Kg3 {Black must now prevent Ra4.} Bxa1 38. Kh3 (38. Be4 $142) 38... Bd5 39. g3 (39. Kg3 $142) 39... h5 40. Bd3 Bc3 41. Bc2 Kf8 42. Ba4 Ke7 43. Bb5 Kd8 44. Ba4 Kc7 45. Bc2 Be6+ 46. Kh2 Kc6 47. Be4+ Kc5 48. Bf3 Kd4 49. Bc6 Bd5 50. Be8 Ke3 51. Ba4 Kf2 52. Bb5 Be1 (52... Bg2 $142 53. Bd7 g5 $1 {[%mdl 512]} 54. Bh3 Bxh3 55. Kxh3 g4+ 56. Kh2 Bd4 57. f5 Bxe5 58. Kh1 Bxg3 59. f6 Bh2 $1 {[%mdl 576] Decoy, Clearance, Promotion} 60. Kxh2 g3+ 61. Kh3 g2 62. Kh2 g1=Q+ 63. Kh3 Qh1#) 53. Ba4 Bd2 (53... Bg2 $142 54. Bd7 {[#]} g5 $1 {[%mdl 512]} 55. Bh3 Bxh3 56. Kxh3 g4+ 57. Kh2 Kf3 58. Kh1 Bxg3 {[%mdl 64] Double Attack} 59. e6 Bf2 60. f5 g3 61. e7 g2+ {[%mdl 64] Discovered Attack} 62. Kh2 g1=Q+ 63. Kh3 Qh1#) 54. Bc2 {[#]} g5 $1 {Black mates.} 55. fxg5 Bc3 56. Bd1 Bxe5 57. Bxh5 Bg2 {[%csl Gf2][%cal Re5g3]} 58. Bxf7 Bxg3# {Accuracy: White = 21%, Black = 79%.} 0-1

[Event "WJCC U20 Open 2019"]
[Site "New Delhi"]
[Date "2019.10.25"]
[Round "11.21"]
[White "Garidmagnai, Byambasuren"]
[Black "Gazik, Viktor"]
[Result "0-1"]
[WhiteElo "2327"]
[BlackElo "2546"]
[Annotator "TA"]
[PlyCount "110"]
[EventDate "2019.10.15"]
[EventType "swiss"]
[EventCountry "IND"]
[SourceTitle "playchess.com"]
[Source "ChessBase"]
[SourceQuality "1"]

{[%evp 17,110,68,52,27,41,6,31,3,33,0,20,0,22,25,24,7,20,0,0,0,35,29,64,42,79,0,22,-37,16,-39,-17,-270,-276,-282,-264,-266,-272,-337,-350,-417,-408,-520,-414,-391,-372,-375,-320,-332,-372,-372,-356,-363,-358,-385,-280,-414,-384,-392,-405,-551,-522,-479,-420,-509,-218,-538,-220,-189,-171,-440,-273,-397,-377,-483,-471,-479,-478,-762,-615,-1083,-2013,-1990,-1566,-1878,-1754,-1004,-1000,-793,-737,-764,-703,-29972,-29974,-29970,-29971]} 1. d4 Nf6 2. c4 e5 3. dxe5 Ng4 4. Bf4 g5 5. Bg3 Bg7 6. Nf3 Nc6 7. Nc3 Ngxe5 8. Nxe5 Nxe5 9. e3 d6 10. Rc1 {A52: Budapest Gambit} (10. Be2 Be6 11. Rc1 h5 12. h3 h4 13. Bh2 Qd7 14. Ne4 Qc6 15. f3 g4 16. hxg4 Nxg4 17. Bf4 Bxb2 18. Rb1 Be5 19. Bxe5 dxe5 {0-1 (37) Rodshtein,M (2699)-Zwardon,V (2408) Katowice 2017}) 10... Be6 11. Nb5 Qe7 12. Be2 {White is slightly better.} O-O $146 ({Predecessor:} 12... a6 13. Nd4 Bd7 14. Qc2 Nc6 15. Rd1 Nxd4 16. exd4 O-O-O 17. O-O h5 {½-½ (34) Chu,R (2166)-Hong,X (2017) Shenzhen 2017}) 13. O-O f5 14. Qd2 Ng6 15. f4 g4 16. Rfe1 a6 17. Nd4 Bd7 18. Bd3 Rae8 (18... c5 $5 {[%cal Rc5d4]} 19. Ne2 h5 $11) 19. Bf2 c5 20. Ne2 $1 h5 21. Nc3 (21. Bc2 $16) 21... Bc6 (21... Bxc3 $5 22. Rxc3 Bc6 $11) 22. Rcd1 (22. Nd5 $11 Qf7 23. g3) 22... Qf7 ({Black should play} 22... Bxc3 $15 23. Qxc3 h4) 23. h4 (23. Bc2 $11) 23... gxh3 $15 {White must now prevent ...Bxc3.} 24. g3 $2 {[%mdl 8192] [#]} (24. Nd5 $1 $11 {and White has nothing to worry.}) 24... Nh4 $1 $19 {[%mdl 512]} 25. Be2 (25. gxh4 Qg6+) 25... Nf3+ 26. Bxf3 Bxf3 27. Nd5 b5 {[%cal Bb7b5,Bb5c4][%mdl 32]} 28. Rc1 bxc4 29. Nb6 d5 30. Na4 Rc8 31. Kh2 Rc6 32. b3 cxb3 33. axb3 c4 34. bxc4 dxc4 35. Nc3 Re8 36. Ne2 (36. Rc2 {was worth a try.}) 36... Rc7 37. Nd4 Be4 38. Qa5 Rb7 39. Re2 Bd3 40. Ra2 Ra8 (40... Bxd4 $142 41. exd4 h4 $1 {[%mdl 512]} 42. gxh4 Kh7) 41. Kxh3 $2 (41. Be1) 41... Kh7 (41... Bxd4 $142 42. exd4 Be4) 42. Nf3 Bf6 {aiming for ...Rg8.} 43. Be1 $2 (43. Ng5+ Bxg5 44. fxg5) 43... Qg6 44. Kh2 (44. Ng5+ $142 Bxg5 45. fxg5) 44... Rg7 45. Qd2 Be4 46. Qf2 {[#] and the idea Bc3 leaves White hopeful.} h4 $1 {[%mdl 512] ...hxg3+ is the strong threat.} 47. gxh4 (47. Ng5+ $142 Bxg5 48. fxg5 Qxg5 49. g4 Qxg4 50. Rxc4) (47. Nxh4 Qf7) 47... Qg4 48. Ng5+ {[#]} Rxg5 $1 {[%mdl 512]} 49. hxg5 (49. fxg5 Be5+) 49... Kg6 {( -> ...Rh8+)} 50. Qg3 Rh8+ 51. Kg1 Qxg3+ 52. Bxg3 Rh1+ 53. Kf2 Rxc1 54. Ke2 Bd3+ 55. Kd2 Ra1 {Accuracy: White = 23%, Black = 53%.} 0-1

[Event "WJCC U20 Open 2019"]
[Site "New Delhi"]
[Date "2019.10.25"]
[Round "11.22"]
[White "Nitish Belurkar"]
[Black "Tica, Sven"]
[Result "0-1"]
[WhiteElo "2311"]
[BlackElo "2418"]
[Annotator "TA"]
[PlyCount "54"]
[EventDate "2019.10.15"]
[EventType "swiss"]
[EventCountry "IND"]
[SourceTitle "playchess.com"]
[Source "ChessBase"]
[SourceQuality "1"]

{[%evp 9,54,31,43,6,33,-21,-7,-42,-30,-36,-39,-41,-60,-56,-47,-120,-98,-108,-28,-34,-33,-270,-281,-326,-333,-335,-332,-441,-314,-702,-711,-1108,-1102,-1085,-1057,-992,-584,-848,-834,-1381,-1385,-1350,-1350,-1282,-1268,-2363,-1227]} 1. d4 g6 2. e4 a6 3. Nc3 Bg7 4. Be3 b5 (4... d6 5. Qd2 b5 6. f3 Nd7 7. a4 b4 8. Nd1 a5 9. c3 bxc3 10. bxc3 Ngf6 11. Bb5 O-O 12. Ne2 Bb7 13. O-O c6 14. Bd3 e5 15. Nf2 d5 16. Rab1 {0-1 (43) Savchenko,B (2562)-Sjugirov,S (2663) St Petersburg 2018}) 5. a3 Bb7 6. f4 {B06: Modern Defence} d6 7. h3 ({White should try} 7. Be2 $14) 7... Nd7 8. Nf3 {The position is equal.} Rc8 9. Bd3 c5 10. d5 $146 ({Predecessor:} 10. O-O cxd4 11. Nxd4 Ngf6 12. Qe2 O-O 13. Rad1 Qc7 14. Kh1 e5 15. fxe5 {0-1 (25) Tesic,D (2340)-Rabrenovic,V (2406) Novi Sad/Vukovar 2013}) 10... Ngf6 11. O-O O-O 12. Qd2 (12. Ng5 $15) 12... c4 $1 $17 13. Be2 {[#]} Nc5 (13... a5 $1 $17 {Threatening ...b4.} 14. e5 b4 15. axb4 axb4 16. exf6 bxc3 17. bxc3 Nxf6) 14. Bxc5 $1 $11 Rxc5 15. Nd4 $2 {[#]} (15. Qe3 $15) 15... Nxe4 $1 $19 {[%mdl 576] Deflection} 16. Nxe4 Rxd5 17. c3 e5 ({Less strong is} 17... Rxd4 18. cxd4 Bxe4 19. Rad1 $17) 18. f5 {Hoping for f6.} gxf5 19. Ng5 $2 (19. Rxf5 exd4 {[%mdl 64] Discovered Attack} 20. Rxd5 Bxd5 21. Ng3) 19... exd4 {Black is clearly winning.} 20. Bf3 dxc3 21. Qf4 Qb6+ 22. Kh1 Re5 23. Bxb7 cxb2 24. Rae1 Qxb7 25. Rxe5 Bxe5 26. Qxf5 f6 27. h4 b1=Q {Accuracy: White = 20%, Black = 74%.} 0-1

[Event "WJCC U20 Open 2019"]
[Site "New Delhi"]
[Date "2019.10.25"]
[Round "11.23"]
[White "Sammed Jaykumar, Shete"]
[Black "Raahul V S"]
[Result "1-0"]
[WhiteElo "2392"]
[BlackElo "2262"]
[Annotator "TA"]
[PlyCount "55"]
[EventDate "2019.10.15"]
[EventType "swiss"]
[EventCountry "IND"]
[SourceTitle "playchess.com"]
[Source "ChessBase"]
[SourceQuality "1"]

{[%evp 21,61,0,0,0,0,1,21,30,22,0,0,0,44,16,19,7,14,4,11,7,51,72,78,0,81,72,68,62,93,86,185,20,212,211,211,206,193,187,540,519,1349,1338]} 1. e4 e5 2. Nf3 Nc6 3. Bc4 Bc5 4. d3 d6 5. O-O Nf6 6. c3 O-O 7. Re1 a6 8. Bb3 Ba7 9. h3 Re8 10. Nbd2 Be6 11. Bc2 h6 12. Nf1 {C54: Giuoco Piano: 4 c3 Nf6, main lines with 5 d4 and 5 d3} d5 13. exd5 (13. Qe2 b5 14. Rd1 Qe7 15. Ng3 Rad8 16. exd5 Nxd5 17. Qe4 Nf6 18. Qxc6 Bb6 19. d4 e4 {1-0 (89) So,W (2763)-Harikrishna,P (2734) Riga 2019}) 13... Bxd5 14. Ng3 {The position is equal.} Qd7 15. Nh4 Rad8 16. Nhf5 Bc5 (16... Kh8 {is interesting.} 17. Qd2 Ng8 18. Qe2 Nf6 19. Qd2) 17. b4 Bf8 18. a4 $146 ({Predecessor:} 18. Bb2 g6 19. Ne3 Be6 20. Qf3 {½-½ (68) Nedev,T (2474)-Nikolov,S (2357) Skopje 2015}) 18... b5 19. Bd2 Be6 20. Qf3 $36 {[%mdl 2048] Black must now prevent axb5. White has the initiative.} e4 21. Nxh6+ $1 Kh8 22. Qf4 (22. Nxe4 $16 Nxe4 23. Rxe4 (23. Qxe4 gxh6 24. d4 f5 $11)) 22... Nh7 (22... exd3 $11 23. Bb1 Ne7 24. axb5 axb5) 23. d4 $16 ({Of course not} 23. Rxe4 gxh6 24. Ree1 Ne7 $15) 23... gxh6 24. Qxe4 {[%csl Gc2][%cal Re4h7]} f6 25. Qh4 Ng5 (25... Ne7 $16) 26. Nh5 $2 {[#]} (26. axb5 $18 axb5 27. f4) 26... Bg7 $2 (26... Ne5 $1 $11 {[%mdl 512]} 27. Bxg5 (27. dxe5 Qxd2) 27... hxg5) 27. axb5 $18 axb5 {[#]} 28. f4 {Played: Nh5xf6} 1-0

[Event "WJCC U20 Open 2019"]
[Site "New Delhi"]
[Date "2019.10.25"]
[Round "11.24"]
[White "Saurabh Anand"]
[Black "Percivaldi, Martin"]
[Result "0-1"]
[WhiteElo "2236"]
[BlackElo "2391"]
[Annotator "TA"]
[PlyCount "115"]
[EventDate "2019.10.15"]
[EventType "swiss"]
[EventCountry "IND"]
[SourceTitle "playchess.com"]
[Source "ChessBase"]
[SourceQuality "1"]

{[%evp 15,115,11,19,14,15,19,20,14,14,8,26,18,17,-6,0,-57,-61,-245,-235,-256,-271,-270,-270,-264,-269,-266,-268,-269,-269,-268,-252,-257,-263,-266,-266,-270,-266,-272,-276,-339,-329,-329,-346,-362,-332,-347,-282,-365,-284,-383,-353,-402,-386,-435,-426,-487,-461,-484,-472,-630,-502,-499,-480,-816,-795,-954,-925,-827,-899,-858,-860,-915,-896,-1164,-1134,-29973,-29974,-29974,-29975,-29975,-29976,-29976,-29977,-29977,-29978,-29978,-29979,-29979,-29980,-29980,-29981,-29981,-29982,-29981,-29982,-29982,-29983,-29983,-29984,-29988,-29989,-29987]} 1. e4 e5 2. Nf3 Nc6 3. Bb5 a6 4. Ba4 Nf6 5. O-O Be7 6. d3 b5 7. Bb3 d6 8. a4 Bd7 9. Bd2 {C84: Closed Ruy Lopez: Unusual White 6th moves} (9. c3 O-O 10. Bc2 h6 11. Re1 Re8 12. Nbd2 Bf8 13. Nf1 b4 14. Bd2 bxc3 15. bxc3 Na5 16. d4 c6 17. Rb1 Qc7 18. Ne3 Rab8 19. c4 Ng4 20. dxe5 Rxb1 21. Bxb1 Nxe5 {½-½ (31) Kryvoruchko,Y (2669)-Tomashevsky,E (2718) Mali Losinj 2019}) 9... O-O 10. h3 h6 11. axb5 {The position is equal.} axb5 12. Nc3 Na5 13. Nd5 Nxd5 14. Bxa5 $146 ({Predecessor:} 14. Rxa5 Rxa5 15. Bxa5 Nf4 16. Bd2 Ne6 {½-½ (36) Costa Trillo,V (2228)-Ignatov,B (2140) ICCF email 2014}) 14... Nf4 15. Re1 ({White should play} 15. Bd2 $1 $11) 15... Qc8 $15 16. Bd2 $2 ({Better is} 16. Nh2 $15) 16... Rxa1 $19 17. Qxa1 {[#]} Nxg2 $1 {[%mdl 576] Remove Defender} 18. Kxg2 {aiming for Ng1.} Bxh3+ 19. Kh2 Qg4 {[%csl Gh3][%cal Rg4g2]} 20. Rg1 Qxf3 21. Qd1 Qxd1 ({Not} 21... Qxf2+ $2 22. Kxh3 Qh4+ 23. Kg2 $18) 22. Rxd1 Be6 23. Bxe6 fxe6 {[%mdl 4096] Endgame KRB-KRB} 24. Kg3 Ra8 25. Kg4 Ra2 26. Rb1 Kh7 27. Kh5 g6+ 28. Kg4 h5+ 29. Kh3 Bf6 30. Be3 Kg7 31. Bd2 Kf7 32. Be3 Be7 33. Bd2 d5 34. Be3 c5 35. f3 c4 36. dxc4 bxc4 37. c3 Bf6 38. Kg3 g5 39. Kh3 (39. Bc5 $142) 39... dxe4 40. fxe4 Kg6 41. Bc5 g4+ 42. Kg3 Ra5 43. Bb4 Ra8 44. Rd1 Rd8 45. Rxd8 Bxd8 {KB-KB. Black mates.} 46. Bd6 Bf6 47. Bc5 Bg5 48. Bd6 Bf4+ 49. Kh4 Bd2 {[%cal Rd2e1]} 50. Kg3 Be1+ 51. Kg2 Kf6 52. Bc7 h4 53. Bd8+ Kg6 54. Bc7 Bg3 55. Bd8 Kh5 56. Be7 Bf4 57. Bd8 h3+ 58. Kf2 {Accuracy: White = 40%, Black = 86%.} 0-1

[Event "WJCC U20 Open 2019"]
[Site "New Delhi"]
[Date "2019.10.25"]
[Round "11.25"]
[White "Dobrovoljc, Vid"]
[Black "Aaryan Varshney"]
[Result "1-0"]
[WhiteElo "2389"]
[BlackElo "2239"]
[Annotator "TA"]
[PlyCount "75"]
[EventDate "2019.10.15"]
[EventType "swiss"]
[EventCountry "IND"]
[SourceTitle "playchess.com"]
[Source "ChessBase"]
[SourceQuality "1"]

{[%evp 15,74,5,16,10,10,9,24,23,24,13,19,33,19,6,74,53,67,42,113,97,106,106,117,113,108,97,126,150,138,144,123,133,185,184,232,226,266,267,400,395,412,386,532,525,639,658,828,831,5410,1012,820,813,773,755,29993,29992,29996,29997,29998,29999,29999]} 1. e4 c5 2. Nf3 d6 3. d4 cxd4 4. Nxd4 Nf6 5. Nc3 a6 6. Bd3 e5 7. Nde2 Be7 8. O-O O-O 9. Ng3 {B90: Sicilian Najdorf: Unusual White 6th moves, 6 Be3 Ng4 and 6 Be3 e5} Be6 10. Nd5 Nbd7 11. c4 {White has an edge.} Nc5 (11... g6 12. Nxe7+ Qxe7 13. b3 Rfc8 14. Bg5 Qf8 15. Qd2 Ne8 16. Rad1 f6 {1-0 (61) Karjakin,S (2750)-Vachier Lagrave,M (2778) Saint Louis 2019}) 12. Bc2 $146 ({Predecessor:} 12. Re1 Rc8 13. Bf1 Bxd5 14. exd5 Qd7 15. Qf3 g6 16. Bh6 Rfe8 {1-0 (36) Wang,Y (2308)-Hu,Y (2020) Xingtai 2018}) 12... b5 13. b4 Ncd7 14. Bd3 $36 {[%mdl 2048] Black is under pressure.} Rb8 (14... bxc4 $11 {keeps the balance.} 15. Bxc4 Nb6 16. Nxe7+ Qxe7) 15. a3 Re8 16. Be3 Ng4 (16... bxc4 $14 17. Bxc4 Bxd5 18. exd5 a5) 17. Bd2 $16 Ngf6 18. Qe2 bxc4 19. Bxc4 Bxd5 20. exd5 Nb6 21. Bxa6 Nfxd5 22. Bb5 Rf8 23. a4 Bg5 (23... Nc7 $16) 24. Rfd1 $18 Nf4 25. Bxf4 Bxf4 26. Ne4 Qe7 (26... Nc8 $142 27. g3 Bh6) 27. g3 Bh6 28. Nxd6 Rbd8 29. Nf5 Rxd1+ 30. Rxd1 Qxb4 31. Qxe5 Nxa4 {[#]} 32. Nxh6+ (32. Rd4 $142 $1 {[%mdl 512]} Qb1+ 33. Kg2) 32... gxh6 {[#]} 33. Rd4 $1 {[%mdl 512]} Qb1+ 34. Kg2 {And now Rg4+ would win.} f6 35. Rg4+ {White mates.} Kh8 36. Qe7 {[%cal Re7f8]} Rg8 37. Qxf6+ {[%mdl 64] Double Attack} Rg7 38. Qxg7# {Accuracy: White = 91%, Black = 35%.} 1-0

[Event "WJCC U20 Open 2019"]
[Site "New Delhi"]
[Date "2019.10.25"]
[Round "11.26"]
[White "Miciano, John Marvin"]
[Black "Rajdeep Sarkar"]
[Result "1-0"]
[WhiteElo "2345"]
[BlackElo "2384"]
[Annotator "TA"]
[PlyCount "125"]
[EventDate "2019.10.15"]
[EventType "swiss"]
[EventCountry "IND"]
[SourceTitle "playchess.com"]
[Source "ChessBase"]
[SourceQuality "1"]

{[%evp 9,125,15,45,21,17,13,18,13,36,40,42,22,14,-16,27,2,13,-8,-13,-14,-9,-13,4,3,68,66,152,158,144,138,144,151,167,165,272,271,266,260,283,264,280,285,260,214,237,196,177,177,181,138,190,197,194,197,175,154,176,117,108,104,229,227,204,118,135,123,175,191,202,188,281,220,301,316,308,297,266,245,789,768,728,695,633,567,1776,12821,9763,9763,4631,4631,4630,4630,29985,29976,29986,29977,29977,29978,29978,29979,29979,29980,29980,29981,29981,29980,29980,29981,29981,29982,29982,29983,29983,29984,29984,29985,29984,29984]} 1. e4 e5 2. Nf3 Nc6 3. Bc4 Nf6 4. d3 h6 5. Nbd2 {[%cal Bb1d2,Bd2f1,Bf1e3][%mdl 32]} d6 6. a3 {C55: Two Knights: 4 d3, 4 d4 exd4 5 e5 and Max Lange Attack} (6. c3 g5 7. Nf1 g4 8. N3d2 Bg7 9. Ne3 h5 10. a4 Qe7 11. a5 a6 12. Ndf1 h4 13. Qb3 Rb8 14. Nd5 Nxd5 15. exd5 {0-1 (42) Andriasian,Z (2600)-Caruana,F (2828) chess.com INT 2019}) 6... g5 $146 ({Predecessor:} 6... g6 7. Nf1 d5 8. exd5 Nxd5 9. Ng3 Bg7 10. O-O O-O 11. Re1 Kh8 12. Bd2 f5 13. Bb3 {0-1 (62) Skjoldager,P (2170)-Jepson,C (2428) Helsingor 2015}) 7. h3 Bg7 8. c3 {The position is equal.} Be6 9. Bxe6 fxe6 10. Nf1 Qd7 11. b4 Ne7 12. Ne3 O-O-O 13. Qc2 Ng6 14. Bb2 Rhf8 15. O-O-O Nh5 16. h4 Rxf3 (16... gxh4 $11 17. Nxh4 Nxh4) 17. hxg5 $1 $14 Ng3 ({Black should try} 17... Rff8 $14) 18. fxg3 $16 Rxg3 (18... Rxe3 $2 19. Qf2) 19. gxh6 {Qf2 is the strong threat.} Nf4 20. Qf2 {Black must now prevent Kb1.} ({Reject} 20. hxg7 $6 Rxe3 21. Qf2 Rxd3 $11) 20... Bh8 21. Kb1 $36 {[%mdl 2048] Black is under strong pressure.} Rdg8 (21... Rgg8 {keeps fighting.} 22. g3 Ng6) 22. h7 $18 R8g7 23. Nf1 $1 {[%cal Rf1g3][%mdl 64] Discovered Attack} Rxd3 24. Rxd3 Nxd3 25. Qxa7 {[%cal Ra7a8]} Kd8 26. Ne3 b6 27. Qa8+ Qc8 28. Qxc8+ Kxc8 29. c4 Kd7 (29... Nf4 $16 30. a4 Rg3) 30. Kc2 Nf4 31. g4 Ng6 32. a4 Nf8 33. c5 ({But not} 33. a5 $6 Rxh7 34. a6 Kc8 $16) ({White should play} 33. Rf1 $18 Nxh7 34. Kd3) 33... bxc5 34. bxc5 Kc6 (34... Rxh7 $16 {was necessary.} 35. Rxh7+ Nxh7) 35. cxd6 cxd6 36. Kd3 (36. Ba3 $1 $18) 36... Rxh7 $16 37. Rc1+ Kb7 {[#]} (37... Kd7 $16) 38. Ba3 $1 $18 Bf6 39. Bxd6 Rd7 (39... Ng6 {was called for.} 40. Nc4 Ka6) 40. Nc4 Be7 41. Rb1+ Ka7 42. Rb6 Bd8 {[#]} 43. Rc6 $1 Kb7 $2 (43... Ng6 44. Kc2 Kb7) 44. Nxe5 Nh7 45. Kc4 Ng5 46. Kb5 Rh7 47. a5 {[%cal Ba4a5,Ba5a6][%mdl 32]} Nxe4 48. a6+ Ka7 49. Bc5+ Nxc5 50. Rxc5 {[%mdl 4096] Endgame Rc8 would kill now. KRB-KRN} ({Less strong is} 50. Kxc5 Rg7 $16) 50... Bc7 51. Nc6+ {White mates.} Ka8 52. Rh5 Rxh5+ 53. gxh5 {KB-KN} Bf4 54. Kc5 e5 55. Kd5 Bc1 56. Kxe5 Bd2 57. Kf5 Be3 58. Ke4 Bc1 59. Kd3 Bg5 60. Kc4 Bc1 61. Kb5 Be3 62. Ne5 Kb8 63. Nf7 {Accuracy: White = 75%, Black = 39%.} 1-0